[Event "Championnat de France 2022"]
[Site "ALBI"]
[Date "2022.08.16"]
[Round "4.2"]
[White "Girel, Joseph"]
[Black "Flom, Gabriel"]
[Result "1/2-1/2"]
[WhiteElo "2403"]
[BlackElo "2406"]
[PlyCount "55"]
[EventDate "2022.??.??"]

1. d4 {6} Nf6 {4} 2. c4 {28} g6 {10} 3. Nf3 {39} Bg7 {56} 4. g3 {22} d6 {34} 5.
Bg2 {24} O-O {5} 6. Nc3 {41} c5 {38} 7. d5 {76} e6 {20} 8. O-O {16} exd5 {3} 9.
cxd5 {15} Re8 {4} 10. Re1 {43} Nbd7 {35} 11. e4 {58} Ng4 {40} 12. Nd2 {40} Nge5
{20} 13. Re3 {80} g5 {35} 14. f4 {130} Ng6 {980} 15. Nc4 {22} Nb6 {246} 16.
Nxb6 {34} Qxb6 {977} 17. f5 {32} Ne5 {43} 18. Qh5 {16} h6 {1114} 19. h4 {261}
g4 {729} 20. Nd1 {625} Kh7 {5} 21. Nf2 {195} Rg8 {3} 22. Rb3 {607} Qd8 {40} 23.
Bf4 {269} Qe7 {87} 24. Bxe5 {274} Bxe5 {4} 25. Nxg4 {21} Rxg4 {97} 26. Qxg4 {43
} b6 {9} 27. Kh2 {931} Qf6 {78} 28. a4 {523} 1/2-1/2

[Event "Championnat de France 2022"]
[Site "ALBI"]
[Date "2022.08.16"]
[Round "4.3"]
[White "Lamard, Guillaume"]
[Black "Lucas, Arthur"]
[Result "1-0"]
[WhiteElo "2512"]
[BlackElo "2367"]
[PlyCount "87"]
[EventDate "2022.??.??"]

1. d4 {6} Nf6 {13} 2. c4 {5} g6 {5} 3. Nc3 {5} Bg7 {4} 4. e4 {3} d6 {5} 5. Nf3
{5} O-O {5} 6. Be2 {2} e5 {34} 7. Be3 {5} Ng4 {26} 8. Bg5 {5} f6 {3} 9. Bc1 {4}
Nc6 {24} 10. O-O {36} f5 {26} 11. dxe5 {70} Ngxe5 {26} 12. Nxe5 {354} dxe5 {353
} 13. Qxd8 {708} Rxd8 {280} 14. Bg5 {13} Rf8 {556} 15. exf5 {127} Bxf5 {906}
16. Rfd1 {1080} e4 {459} 17. Rac1 {331} Nd4 {855} 18. Bf1 {60} c5 {527} 19. b3
{109} b6 {109} 20. Nd5 {141} h6 {71} 21. Be3 {20} Kh7 {60} 22. b4 {278} Ne6 {
399} 23. b5 {698} Rad8 {311} 24. h3 {328} h5 {119} 25. Rd2 {172} Rf7 {224} 26.
Rcd1 {80} Nd4 {138} 27. a4 {174} Be5 {216} 28. a5 {102} Rd6 {134} 29. axb6 {244
} axb6 {2} 30. Ra2 {27} Be6 {165} 31. Ra8 {585} Nxb5 {179} 32. Re8 {6} Bxd5 {
126} 33. Rxd5 {158} Bg7 {23} 34. Rb8 {179} Bd4 {39} 35. Bxd4 {73} cxd4 {12} 36.
Rxb5 {10} e3 {48} 37. fxe3 {166} dxe3 {15} 38. Rb1 {13} Re7 {44} 39. Re1 {10}
Rd2 {20} 40. Be2 {6} Re6 {34} 41. Ra8 {91} Rc2 {114} 42. Ra3 {201} Kh6 {65} 43.
Bf3 {157} e2 {77} 44. Rb3 {83} 1-0

[Event "Championnat de France 2022"]
[Site "ALBI"]
[Date "2022.08.16"]
[Round "4.4"]
[White "Makkar, Rajat"]
[Black "Boyer, Mahel"]
[Result "0-1"]
[WhiteElo "2300"]
[BlackElo "2432"]
[PlyCount "90"]
[EventDate "2022.??.??"]

1. Nf3 {2} Nf6 {534} 2. c4 {11} g6 {149} 3. Nc3 {16} Bg7 {12} 4. e4 {7} e5 {
1038} 5. Nxe5 {188} O-O {16} 6. Nf3 {564} Re8 {38} 7. d3 {74} d5 {116} 8. cxd5
Nxd5 {293} 9. Nxd5 Qxd5 {131} 10. Be2 Qb5 {1457} 11. O-O Bg4 {2092} 12. d4 Qb6
{786} 13. e5 {353} Nc6 {70} 14. Be3 {13} Rad8 {15} 15. Bc4 {528} Bxe5 {1093}
16. Bxf7+ {145} Kxf7 {3} 17. Ng5+ {13} Kg8 {131} 18. Qxg4 {8} Nxd4 {25} 19.
Rae1 {496} h5 {196} 20. Qh3 {20} Qb5 {260} 21. Bxd4 {115} Rxd4 {4} 22. Nf3 {23}
Rdd8 {78} 23. Nxe5 {337} Rxe5 {1} 24. Qg3 {9} Rg5 {8} 25. Qxc7 {5} Qd5 {17} 26.
g3 {29} Rd7 {93} 27. Re8+ {91} Kf7 {30} 28. Qc8 {17} Re7 {31} 29. Rh8 {69} Rge5
{30} 30. Qf8+ {312} Ke6 {3} 31. Rg8 {52} Qe4 {58} 32. Rd1 {21} Rd5 {31} 33.
Rxg6+ {139} Kd7 {3} 34. Rxd5+ {26} Qxd5 35. Rg7 {12} Qd1+ {86} 36. Kg2 Qd5+ {12
} 37. Kh3 {108} Qe6+ {49} 38. Kh4 {27} Rxg7 {31} 39. Qxg7+ Ke8 {29} 40. Qh8+ {
25} Ke7 {30} 41. Qxh5 {19} Qxa2 {7} 42. Qh7+ {14} Kf6 {11} 43. Qxb7 {38} Qg8 {
71} 44. Kh3 {36} Qh7+ {12} 45. Kg2 {2} Qxb7+ {6} 0-1

[Event "Championnat de France 2022"]
[Site "ALBI"]
[Date "2022.08.16"]
[Round "4.5"]
[White "Giroyan, Gary"]
[Black "Bacrot, Alexandre"]
[Result "0-1"]
[WhiteElo "2412"]
[BlackElo "2344"]
[PlyCount "71"]
[EventDate "2022.??.??"]

1. e4 {7} e5 {74} 2. Nf3 {7} Nc6 {111} 3. Bb5 {12} a6 {11} 4. Ba4 {4} Nge7 {26}
5. c3 {5} g6 {3} 6. d4 {3} exd4 {3} 7. cxd4 {4} b5 {3} 8. Bc2 {4} d6 {4} 9. d5
{147} Na5 {67} 10. Bd2 {135} c5 {66} 11. Bc3 {133} Rg8 {11} 12. Ng5 {442} Bg7 {
663} 13. Qf3 {1199} Bxc3+ {440} 14. Nxc3 {168} Nf5 15. exf5 Qxg5 {54} 16. Ne4 {
82} Qe7 {24} 17. O-O {968} Bxf5 {331} 18. Nxc5 {672} Nc4 {238} 19. Bxf5 {136}
gxf5 {271} 20. Rae1 {127} Ne5 {5} 21. Qxf5 {56} Kf8 {235} 22. Ne6+ {229} Ke8 {2
} 23. Nd4 {85} Qa7 {51} 24. Nc6 {30} Qd7 {3} 25. Qf6 {213} Kf8 {22} 26. Nxe5 {
13} dxe5 {17} 27. Rxe5 {4} Re8 {52} 28. Qh6+ {46} Rg7 {5} 29. Rg5 {32} f5 {6}
30. Qf6+ {104} Kg8 {20} 31. Rxg7+ {39} Qxg7 {5} 32. Qxg7+ {1} Kxg7 {9} 33. Rd1
Re7 {38} 34. g3 {39} Kf7 {7} 35. d6 {17} Rd7 {4} 36. Kg2 {2} 0-1

[Event "Championnat de France 2022"]
[Site "ALBI"]
[Date "2022.08.16"]
[Round "4.6"]
[White "Degraeve, Jean-Marc"]
[Black "Bujisho, Benjamin"]
[Result "1-0"]
[WhiteElo "2508"]
[BlackElo "2315"]
[PlyCount "91"]
[EventDate "2022.??.??"]

1. e4 {62} c5 {454} 2. Nc3 {75} a6 {336} 3. g3 {43} b5 {132} 4. a4 {28} b4 {54}
5. Nd5 {7} e6 {53} 6. Ne3 {6} Bb7 {142} 7. Bg2 {44} Nf6 {154} 8. d3 {53} d5 {
280} 9. e5 {100} Nfd7 {340} 10. f4 {21} Qc7 {77} 11. Nf3 {20} Be7 {52} 12. O-O
{12} g6 {123} 13. c4 {155} bxc3 {98} 14. bxc3 {8} Nc6 {115} 15. Rb1 {193} Na5 {
240} 16. d4 {321} Bc6 {379} 17. g4 {71} Rb8 {61} 18. Rxb8+ {250} Qxb8 {9} 19.
f5 {53} Qb3 {69} 20. Qe2 {587} Qxa4 {267} 21. Qxa6 {650} Bb7 {390} 22. Qe2 {182
} Nb3 {85} 23. Qd1 {932} Nb6 {273} 24. f6 {160} Bf8 {268} 25. Nc2 {50} Ba6 {172
} 26. Rf2 {147} h5 {268} 27. g5 {64} Bd3 {553} 28. Qxd3 {671} Nxc1 {8} 29. Qd1
{28} Nb3 {82} 30. Bf1 {298} c4 {28} 31. Nd2 {53} Ba3 {148} 32. Qb1 {712} O-O {
269} 33. Nxa3 {77} Qxa3 {2} 34. Nxb3 {19} Qxb3 {376} 35. Qxb3 {9} cxb3 {2} 36.
Rb2 {5} Na4 {46} 37. Rxb3 {7} Rc8 {3} 38. Ba6 {53} Rc7 {42} 39. Rb8+ {18} Kh7 {
2} 40. Re8 {7} Ra7 {97} 41. Bf1 {284} Nb6 {102} 42. Rf8 {102} Na4 {107} 43. c4
{287} dxc4 {67} 44. Bxc4 {2} Nc3 {120} 45. Re8 {228} Ne4 {125} 46. h4 {57} 1-0

[Event "Championnat de France 2022"]
[Site "ALBI"]
[Date "2022.08.16"]
[Round "4.7"]
[White "Dudognon, Thibault"]
[Black "Velten, Paul"]
[Result "0-1"]
[WhiteElo "2346"]
[BlackElo "2495"]
[PlyCount "94"]
[EventDate "2022.??.??"]

1. e4 {120} e6 {92} 2. d4 {10} d5 {27} 3. Nd2 {4} c5 {32} 4. exd5 {32} exd5 {7}
5. Ngf3 {16} Nf6 {87} 6. Bb5+ {6} Bd7 {6} 7. Bxd7+ {4} Nbxd7 {4} 8. O-O {8} Be7
{3} 9. dxc5 {4} Nxc5 {11} 10. Re1 {11} O-O {8} 11. Nf1 {7} Re8 {100} 12. Be3 {
148} a5 {57} 13. Bd4 {265} Ne6 {215} 14. c3 {242} a4 {88} 15. Ne3 {270} Ne4 {
135} 16. a3 {336} Qa5 {601} 17. Qc2 {539} Nxd4 {189} 18. Nxd4 {113} Bf8 {10}
19. Rad1 {222} g6 {124} 20. Nf3 {232} Nf6 {296} 21. Qd3 {401} Rad8 {240} 22.
Nd4 {398} Bc5 {139} 23. Nec2 {89} Re4 {264} 24. Qb5 {317} Qa7 {72} 25. f3 {85}
Ree8 {187} 26. Kf1 {330} h5 {263} 27. Rxe8+ {565} Rxe8 {90} 28. Re1 {39} Rc8 {
70} 29. g3 {157} h4 {58} 30. Kg2 {24} Kg7 {20} 31. Qd3 {207} Rh8 {136} 32. Qe3
{103} Qb6 {103} 33. Re2 {261} h3+ {306} 34. Kf2 {57} Re8 {39} 35. Qc1 {39}
Rxe2+ {44} 36. Kxe2 {2} Nd7 {38} 37. Ne3 {460} Ne5 {87} 38. Qd2 {124} Bxd4 {40}
39. cxd4 {74} Qb5+ {14} 40. Kf2 {257} Nd3+ {310} 41. Kg1 {15} Nxb2 {93} 42. Ng4
{119} Qb6 {39} 43. Kf1 {864} Nc4 {215} 44. Qh6+ {114} Kg8 {11} 45. Qxh3 {19} f5
{134} 46. Ne5 {172} Qb1+ {32} 47. Kg2 {36} Qc2+ {9} 0-1

[Event "Championnat de France 2022"]
[Site "ALBI"]
[Date "2022.08.16"]
[Round "4.8"]
[White "Duboue, Peio"]
[Black "Decuigniere, Tom"]
[Result "1/2-1/2"]
[WhiteElo "2443"]
[BlackElo "2341"]
[PlyCount "104"]
[EventDate "2022.??.??"]

1. e4 {400} c5 {7} 2. c3 {7} d5 {5} 3. exd5 {4} Qxd5 {4} 4. d4 {5} Nc6 {29} 5.
Nf3 {6} g6 {9} 6. Be3 {180} Bg7 {7} 7. dxc5 {159} Qxd1+ {5} 8. Kxd1 {5} Nf6 {5}
9. Bc4 {472} O-O {26} 10. Nbd2 {113} Rd8 {208} 11. Ke2 {81} Na5 {22} 12. Bd3 {
278} Nd5 {8} 13. Nb3 {123} Nc6 {256} 14. Rhd1 {594} Bxc3 {371} 15. Be4 {1054}
Bxb2 {1196} 16. Rxd5 {91} Bxa1 {70} 17. Rxd8+ {78} Nxd8 {5} 18. Nxa1 {2} Bd7 {
129} 19. Ne5 {188} Bb5+ {60} 20. Kd2 {84} f6 {57} 21. Nd3 {140} Bc6 {130} 22.
Bxc6 {15} Nxc6 {4} 23. Kc3 {16} Rd8 {42} 24. Nb3 {74} Kf7 {176} 25. Nb4 {45}
Ke6 {259} 26. Nd4+ {164} Nxd4 {201} 27. Bxd4 {4} a5 {564} 28. Nc2 {206} Kd5 {
237} 29. Ne3+ {43} Kc6 {4} 30. Kc4 {131} e5 {102} 31. Bc3 {18} h5 {71} 32. a4 {
553} Rd7 {44} 33. h3 Rd8 {219} 34. g3 Rd7 {116} 35. h4 {3} Rd8 36. f4 exf4 37.
gxf4 {1523} f5 38. Bxa5 Rd7 {142} 39. Nc2 {108} Re7 40. Nd4+ Kd7 {8} 41. Nc2 {
443} Re3 {96} 42. Bb6 Rh3 {671} 43. Nd4 {2} Rxh4 {207} 44. c6+ bxc6 {292} 45.
a5 Kc8 {273} 46. a6 Rh2 {1091} 47. Ne6 Rh3 {131} 48. Kb4 {268} Rh2 {8} 49. Kb3
{6} Rh3+ {5} 50. Kb4 {3} Rh2 {4} 51. Nc5 {435} Rb2+ {336} 52. Ka3 {57} Rxb6 {14
} 1/2-1/2

[Event "Championnat de France 2022"]
[Site "ALBI"]
[Date "2022.08.16"]
[Round "4.9"]
[White "Materia, Marco"]
[Black "Favarel, Julien"]
[Result "0-1"]
[WhiteElo "2413"]
[BlackElo "2298"]
[PlyCount "92"]
[EventDate "2022.??.??"]

1. d4 Nf6 {14} 2. c4 {3} g6 {5} 3. Nc3 {3} Bg7 {4} 4. Nf3 {3} O-O {5} 5. Bg5 {2
} h6 {24} 6. Bh4 {6} c5 {7} 7. d5 {111} d6 {13} 8. e3 {111} Bf5 {59} 9. Nd2 {
884} Qb6 {357} 10. Qc1 {150} g5 {120} 11. Bg3 {26} Nh5 {232} 12. Be2 {189} Bg6
{289} 13. O-O {341} Nxg3 {689} 14. hxg3 {41} Nd7 {161} 15. f4 {796} e6 {273}
16. Kh1 {405} Rae8 {354} 17. Nf3 {466} gxf4 {1107} 18. gxf4 {62} Nf6 {99} 19.
dxe6 {374} fxe6 {28} 20. Qd2 {97} Ne4 {683} 21. Nxe4 {11} Bxe4 {7} 22. Bd3 {126
} Bc6 {325} 23. Bg6 {256} Rd8 {48} 24. Rf2 {105} Qc7 {217} 25. Rd1 {68} Qe7 {40
} 26. Qc2 {164} Kh8 {247} 27. Rdf1 {228} b5 {138} 28. b3 {183} bxc4 {31} 29.
bxc4 {13} Rb8 {26} 30. Qd3 {267} d5 {231} 31. Rc1 {63} a5 {274} 32. Rfc2 {100}
Rb2 {107} 33. Rxb2 {81} Bxb2 {2} 34. Rc2 {90} Bg7 {65} 35. cxd5 {77} exd5 {35}
36. Qa3 {36} d4 {47} 37. Qxc5 {71} Qxc5 {28} 38. Rxc5 Bxf3 {11} 39. gxf3 {2}
dxe3 {10} 40. Rc7 {229} Rxf4 {132} 41. Kg2 {87} Bf6 {547} 42. Be4 {223} Rh4 {
225} 43. Rc8+ {463} Kg7 {9} 44. Re8 {60} Kf7 {324} 45. Bc6 {54} Be7 {106} 46.
Kf1 {174} Rh2 {53} 0-1

[Event "Championnat de France 2022"]
[Site "ALBI"]
[Date "2022.08.16"]
[Round "4.10"]
[White "Monroy, Charles"]
[Black "Hutois, Mickael"]
[Result "0-1"]
[WhiteElo "2407"]
[BlackElo "2275"]
[PlyCount "86"]
[EventDate "2022.??.??"]

1. Nf3 {3} d5 {64} 2. d4 {28} Nf6 {7} 3. c4 {6} dxc4 {13} 4. Qa4+ {73} Nbd7 {
182} 5. g3 {400} a6 {394} 6. Qxc4 {10} b5 {76} 7. Qb3 {579} c5 {244} 8. Bg2 {
165} Bb7 {120} 9. O-O {152} e6 {193} 10. a4 {434} cxd4 {184} 11. axb5 {215} Qb6
{171} 12. Qc4 {810} Rc8 {407} 13. Qxd4 {72} Bc5 {5} 14. Qf4 {460} axb5 {1340}
15. Nbd2 {380} O-O {284} 16. Nb3 {117} Nd5 {12} 17. Qh4 {101} Be7 {71} 18. Bg5
{116} f6 {94} 19. Bd2 {50} f5 {182} 20. Bg5 {449} Rc4 {205} 21. Qh3 {189} Bxg5
{117} 22. Nxg5 {5} h6 {5} 23. Nf3 {33} Rb4 {10} 24. Ra3 {625} Ne3 {481} 25. Nc5
{162} Nxc5 {87} 26. Rxe3 {5} Rxb2 {35} 27. Ne5 {17} Rd2 {317} 28. Qh5 {304}
Bxg2 {18} 29. Kxg2 {4} Ne4 {158} 30. Rc1 {77} Qb7 {184} 31. Kg1 {85} Qd5 {182}
32. Ng6 {74} Rd1+ {44} 33. Rxd1 {22} Qxd1+ {3} 34. Kg2 {5} Nd2 {188} 35. g4 {
224} Qf1+ {25} 36. Kg3 {4} Qg1+ {135} 37. Kh3 {5} fxg4+ {149} 38. Qxg4 {17}
Qf1+ {62} 39. Qg2 {39} Rxf2 {25} 40. Qxf1 {40} Rxh2+ {30} 41. Kg4 {52} Nxf1 {11
} 42. Rxe6 {105} Kf7 {20} 43. Rb6 {226} Rg2+ {43} 0-1

[Event "Championnat de France 2022"]
[Site "ALBI"]
[Date "2022.08.17"]
[Round "5.1"]
[White "Laurent-Paoli, Pierre"]
[Black "Lamard, Guillaume"]
[Result "1-0"]
[WhiteElo "2298"]
[BlackElo "2512"]
[PlyCount "89"]
[EventDate "2022.??.??"]

1. e4 {89} c5 {8} 2. Nf3 {22} d6 {5} 3. d4 {3} cxd4 {6} 4. Nxd4 {3} Nf6 {5} 5.
Nc3 {3} a6 {5} 6. Be2 {40} e5 {189} 7. Nb3 {8} Be7 {7} 8. Be3 {20} Be6 {22} 9.
O-O {10} O-O {40} 10. Qd3 {8} Nbd7 {23} 11. a4 {10} Rc8 {431} 12. a5 {32} Qc7 {
471} 13. Rfc1 {20} Qc6 {194} 14. Bf3 {135} h6 {48} 15. Nd5 {429} Bxd5 {129} 16.
exd5 {12} Qc4 {331} 17. Qxc4 {359} Rxc4 {4} 18. Nd2 {11} Rcc8 {340} 19. c4 {761
} Ne8 {518} 20. b4 {241} f5 {12} 21. Nb3 {223} Nef6 {294} 22. Be2 {726} f4 {809
} 23. Ba7 {202} Kh8 {39} 24. f3 {166} Ra8 {180} 25. Bf2 {23} Rfb8 {400} 26. Rd1
{294} Rc8 {699} 27. Rac1 {240} Rab8 {159} 28. Bd3 {585} Rc7 {107} 29. Bf5 {155}
Rbc8 {118} 30. Nd2 {77} Rf8 {276} 31. Be6 {133} Rcc8 {46} 32. Ne4 {111} Rb8 {
302} 33. c5 {262} Nxe4 {4} 34. fxe4 {3} Nf6 {6} 35. c6 {45} Nxe4 {19} 36. Ba7 {
107} Ra8 {137} 37. Bb6 {15} bxc6 {113} 38. dxc6 {4} Nf6 {55} 39. c7 {29} Rfc8 {
24} 40. b5 {91} axb5 {9} 41. a6 {7} Rxc7 {436} 42. Rxc7 {66} Rxa6 {5} 43. Bf2 {
17} e4 {125} 44. Rxe7 {11} e3 {4} 45. Bh4 {12} 1-0

[Event "Championnat de France 2022"]
[Site "ALBI"]
[Date "2022.08.17"]
[Round "5.2"]
[White "Boyer, Mahel"]
[Black "Girel, Joseph"]
[Result "1-0"]
[WhiteElo "2432"]
[BlackElo "2403"]
[PlyCount "79"]
[EventDate "2022.??.??"]

1. e4 {93} c5 {51} 2. Nf3 {128} e6 {24} 3. d4 {253} cxd4 {29} 4. Nxd4 {6} Nf6 {
56} 5. Nc3 {11} Nc6 {11} 6. Ndb5 {130} Bc5 {69} 7. Bf4 {63} O-O {20} 8. Bc7 {37
} Qe7 {23} 9. Bd6 {10} Bxd6 {14} 10. Qxd6 {9} Qd8 {24} 11. O-O-O {286} a6 {38}
12. Nd4 {41} Ne7 {48} 13. a4 {108} b5 {86} 14. axb5 {24} axb5 {13} 15. Bxb5 {2}
Bb7 {695} 16. f3 {4} Nc8 {495} 17. Qc5 {9} d6 {231} 18. Qb4 {10} Qc7 {655} 19.
Ba4 {20} Rd8 {1375} 20. b3 {1666} Rb8 {492} 21. Ndb5 {601} Qb6 {184} 22. Qd4 {
64} Qa6 {504} 23. e5 {350} Ne8 {86} 24. Rd3 {676} Bc6 {197} 25. exd6 {569}
Ncxd6 {172} 26. Qa7 {87} Bxb5 {327} 27. Nxb5 {8} Qc8 {18} 28. Nxd6 {86} Nxd6 {
82} 29. Rhd1 {21} Ra8 {157} 30. Qe7 {101} Qb7 {76} 31. Qxb7 {36} Nxb7 32. Rxd8+
{94} Nxd8 33. Rd7 {63} g5 {47} 34. c4 {33} e5 {28} 35. Kb2 {54} Ne6 {16} 36.
Bc6 {160} Rb8 {24} 37. Rb7 {2} Rd8 {66} 38. Bd5 {35} Nc5 39. Rc7 {70} Na6 {56}
40. Ra7 {48} 1-0

[Event "Championnat de France 2022"]
[Site "ALBI"]
[Date "2022.08.17"]
[Round "5.3"]
[White "Flom, Gabriel"]
[Black "Giroyan, Gary"]
[Result "1/2-1/2"]
[WhiteElo "2406"]
[BlackElo "2412"]
[PlyCount "60"]
[EventDate "2022.??.??"]

1. e4 {116} c5 {13} 2. Nf3 {30} d6 {3} 3. Bb5+ {23} Nc6 {4} 4. O-O {156} Bd7 {
16} 5. Re1 {127} Nf6 {14} 6. c3 {37} a6 {10} 7. Bf1 {75} Bg4 {26} 8. d4 {404}
cxd4 {81} 9. cxd4 {4} e5 {3} 10. d5 {37} Nd4 {5} 11. Be3 {65} Nxf3+ {5} 12.
gxf3 {4} Bd7 {4} 13. Nd2 {263} Be7 {31} 14. Nc4 {27} O-O {36} 15. Nb6 {12} Rb8
{3} 16. Rc1 {32} Bb5 {5} 17. Bxb5 {542} axb5 {14} 18. Qc2 {33} Nd7 {45} 19. Qc7
{385} Nxb6 {1595} 20. Bxb6 {9} Qe8 {3} 21. Ba7 {5} Ra8 {88} 22. Qxb7 {4} f5 {2}
23. Rc7 {51} Bf6 {32} 24. exf5 {1202} Qh5 {913} 25. Re3 {6} Qxf5 {209} 26. Qxb5
{87} Qg6+ {919} 27. Kh1 {35} Qb1+ {639} 28. Kg2 {12} Qg6+ {367} 29. Kh1 {13}
Qb1+ {327} 30. Kg2 {14} Qg6+ {278} 1/2-1/2

[Event "Championnat de France 2022"]
[Site "ALBI"]
[Date "2022.08.17"]
[Round "5.4"]
[White "Bournel, Antoine"]
[Black "Degraeve, Jean-Marc"]
[Result "1/2-1/2"]
[WhiteElo "2322"]
[BlackElo "2508"]
[PlyCount "89"]
[EventDate "2022.??.??"]

1. d4 {2} Nf6 {515} 2. c4 {42} g6 {45} 3. Nc3 {43} Bg7 {8} 4. e4 {42} d6 {25}
5. Nf3 {39} O-O {336} 6. Be2 {53} c5 {76} 7. O-O {61} Bg4 {24} 8. d5 {78} e6 {8
} 9. dxe6 {70} Bxe6 {21} 10. Bf4 {137} Qb6 {87} 11. Qc2 {124} Nh5 {400} 12. Be3
{93} Nc6 {9} 13. Rad1 {325} Rfd8 {324} 14. h3 {638} a6 {44} 15. Qd2 {506} Qb4 {
1359} 16. Rc1 {1682} b5 {376} 17. a3 {205} Qa5 {232} 18. cxb5 {105} axb5 {7}
19. Ng5 {25} Nd4 {1041} 20. Bxh5 {115} gxh5 {77} 21. Nxe6 {60} fxe6 {10} 22. b4
{254} Qxa3 {480} 23. Bxd4 {69} cxd4 {9} 24. Nxb5 {28} Qa2 {248} 25. Qg5 {49}
Rd7 {59} 26. Nxd4 {164} Kh8 {57} 27. Nf3 {43} Bb2 {146} 28. Rcd1 {93} Rg8 {66}
29. Qxh5 {13} Rdg7 {9} 30. Kh1 {623} Qc4 {95} 31. Rg1 {166} Qxb4 {46} 32. h4 {
92} Bf6 {79} 33. Qh6 {59} Rg6 {26} 34. Qf4 {21} Be7 {49} 35. Rb1 {78} Qc4 {53}
36. Rb7 {52} R6g7 {34} 37. Rxe7 {75} Rxe7 {6} 38. Qf6+ {12} Reg7 39. h5 {66} h6
{27} 40. Qxh6+ {34} Rh7 {4} 41. Qf6+ {53} Rgg7 {4} 42. Qf8+ {202} Rg8 {5} 43.
Qf6+ {26} Rgg7 {5} 44. Qd8+ {136} Rg8 {5} 45. Qf6+ {Rd7 3 38} 1/2-1/2

[Event "Championnat de France 2022"]
[Site "ALBI"]
[Date "2022.08.17"]
[Round "5.5"]
[White "Velten, Paul"]
[Black "Favarel, Julien"]
[Result "0-1"]
[WhiteElo "2495"]
[BlackElo "2298"]
[PlyCount "44"]
[EventDate "2022.??.??"]

1. d4 {8} Nf6 {6} 2. c4 {49} g6 {6} 3. Nc3 {81} Bg7 {7} 4. e4 {29} d6 {7} 5. h3
{25} e5 {57} 6. d5 {239} Na6 {14} 7. Bd3 {74} Nc5 {81} 8. Bc2 {140} a5 {33} 9.
Bg5 {104} c6 {1188} 10. Nge2 {402} cxd5 {678} 11. exd5 {391} h6 {346} 12. Be3 {
61} Nfd7 {107} 13. O-O {823} O-O {290} 14. Nb5 {860} Qe7 {122} 15. Qd2 {58} f5
{623} 16. Bxh6 {500} f4 {18} 17. Bxg7 {11} Kxg7 {9} 18. f3 {162} Nf6 {337} 19.
Nxf4 {713} exf4 {168} 20. Rfe1 {11} Qd8 {136} 21. Qxf4 Nfe4 {257} 22. Qh2 Qb6 {
338} 0-1

[Event "Championnat de France 2022"]
[Site "ALBI"]
[Date "2022.08.17"]
[Round "5.6"]
[White "Philippe, Guillaume"]
[Black "Hutois, Mickael"]
[Result "1/2-1/2"]
[WhiteElo "2392"]
[BlackElo "2275"]
[PlyCount "79"]
[EventDate "2022.??.??"]

1. b3 {155} e5 {40} 2. Bb2 {4} Nc6 {5} 3. c4 {4} Nf6 {204} 4. e3 {226} d5 {110}
5. cxd5 {6} Nxd5 {10} 6. a3 {10} Be6 {301} 7. b4 {432} Bd6 {122} 8. d3 {55} O-O
{27} 9. Nf3 {21} a6 {285} 10. Be2 {82} f5 {21} 11. Nbd2 {18} Qf6 {26} 12. Qc2 {
409} Rae8 {219} 13. O-O {62} Qh6 {140} 14. Nc4 {159} Bf7 {589} 15. Rad1 {412}
Re6 {217} 16. d4 {478} e4 {124} 17. Nfe5 {262} Bxe5 {76} 18. Nxe5 {157} Nxe5 {
13} 19. dxe5 {8} Rg6 {57} 20. Kh1 {415} Rc6 {254} 21. Qd2 {230} f4 {261} 22.
Qd4 {183} Rc2 {549} 23. Bc4 {43} c6 {986} 24. Bb3 {120} Re2 {328} 25. exf4 {244
} Nxf4 {169} 26. Bxf7+ {74} Rxf7 {5} 27. Bc1 {133} Qe6 {197} 28. Bxf4 {228}
Rxf4 {3} 29. h3 {844} h6 {54} 30. Qd6 {4} Qxd6 {91} 31. exd6 {3} Rf8 {4} 32.
Rfe1 {56} Rexf2 {159} 33. Rxe4 {13} Rd8 {4} 34. Kh2 {171} Rd7 {266} 35. Kg3 {
125} Rf6 {41} 36. Re7 {67} Rdxd6 {268} 37. Rxd6 {4} Rxd6 {3} 38. Rxb7 {10} Rd3+
{2} 39. Kh2 {18} Rxa3 {5} 40. Rb6 {3} 1/2-1/2

[Event "Championnat de France 2022"]
[Site "ALBI"]
[Date "2022.08.17"]
[Round "5.7"]
[White "Di Nicolantonio, Lucas"]
[Black "Pucher, Sebastien"]
[Result "1-0"]
[WhiteElo "2387"]
[BlackElo "2256"]
[PlyCount "47"]
[EventDate "2022.??.??"]

1. e4 {5} Nf6 {85} 2. e5 {31} Nd5 {8} 3. d4 {43} d6 {6} 4. c4 {31} Nb6 {6} 5.
f4 {80} g6 {104} 6. Nc3 {270} Bg7 {69} 7. Be3 {90} Be6 {23} 8. d5 {110} Bc8 {
207} 9. Nf3 {86} O-O {8} 10. h4 {177} e6 {277} 11. h5 {116} Re8 {3606} 12. hxg6
{122} hxg6 {27} 13. Qd2 {785} exd5 {163} 14. cxd5 {32} Bg4 {106} 15. O-O-O {220
} N8d7 {221} 16. Bd4 {1830} dxe5 {339} 17. fxe5 {11} Nxe5 {79} 18. Nxe5 {6}
Bxe5 {294} 19. Re1 {358} Qf6 {184} 20. Rxe5 {303} Rxe5 {82} 21. Ne4 {22} Qf5 {
123} 22. Bd3 {17} Nxd5 {34} 23. Nf2 {299} Qg5 {38} 24. Qxg5 {13} 1-0

[Event "Championnat de France 2022"]
[Site "ALBI"]
[Date "2022.08.17"]
[Round "5.8"]
[White "Mathieu, Phileas"]
[Black "Duboue, Peio"]
[Result "1-0"]
[WhiteElo "2320"]
[BlackElo "2443"]
[PlyCount "65"]
[EventDate "2022.??.??"]

1. e4 c6 {5} 2. d4 {8} d5 {4} 3. Nc3 dxe4 4. Nxe4 Nf6 5. Nxf6+ exf6 6. c3 Bd6
7. Bd3 O-O 8. Qc2 Re8+ 9. Ne2 h5 10. Be3 Nd7 11. O-O-O Nf8 12. c4 Be6 13. Nc3
Rc8 14. Kb1 g6 15. c5 Be7 16. Be4 Qa5 17. h3 f5 18. Bf3 b6 19. g4 fxg4 20. hxg4
hxg4 21. d5 cxd5 22. Bd4 f6 {8063} 23. Bxd5 {13} Kg7 {195} 24. Qc1 {473} bxc5 {
359} 25. Be3 {828} Bf5+ {378} 26. Ka1 g5 {18} 27. Bc4 {574} Ng6 {64} 28. Nd5 {
26} Be4 {287} 29. Bd2 {199} Qa4 {64} 30. Bxg5 {5} Rh8 {107} 31. Bh6+ {69} Kh7
32. Nxf6+ {150} Bxf6 {7} 33. Bf8+ {3} 1-0

[Event "Championnat de France 2022"]
[Site "ALBI"]
[Date "2022.08.17"]
[Round "5.9"]
[White "Bujisho, Benjamin"]
[Black "Droin, Augustin"]
[Result "1/2-1/2"]
[WhiteElo "2315"]
[BlackElo "2392"]
[PlyCount "81"]
[EventDate "2022.??.??"]

1. Nf3 {33} Nf6 {7} 2. g3 {271} b5 {15} 3. Bg2 {93} Bb7 {61} 4. O-O {38} e6 {92
} 5. b3 {417} c5 {349} 6. c4 {219} a6 {307} 7. a4 {782} bxc4 {664} 8. bxc4 {2}
Nc6 {5} 9. Nc3 {98} Be7 {184} 10. d3 {716} O-O {54} 11. Ne5 {243} Qc7 {114} 12.
Nxc6 {55} Bxc6 {4} 13. e4 {83} d6 {125} 14. g4 {251} h6 {246} 15. f4 {107} Nh7
{268} 16. Qe1 {261} Qd8 {104} 17. Be3 {401} Rb8 {502} 18. Qd2 {86} Bf6 {474}
19. Rfb1 {166} Qc7 {852} 20. h3 {790} Rxb1+ {117} 21. Rxb1 {3} Rb8 {3} 22.
Rxb8+ {45} Qxb8 {3} 23. e5 {164} Bxg2 {4} 24. Qxg2 {18} dxe5 {340} 25. g5 {22}
hxg5 {56} 26. fxg5 {9} Be7 {6} 27. g6 {29} fxg6 {36} 28. Qc6 {132} Kf7 {348}
29. Bxc5 {75} Bxc5+ {20} 30. Qxc5 {3} Nf6 {5} 31. Qe3 {306} Qb2 {98} 32. Ne4 {
100} Nxe4 {136} 33. Qxe4 {111} Qa1+ {12} 34. Kf2 {64} Qxa4 {49} 35. Qxe5 {218}
Qc2+ {52} 36. Ke3 {7} Qc1+ {3} 37. Ke2 {31} Qc2+ {235} 38. Ke3 {20} Qc1+ {26}
39. Ke2 {20} g5 {12} 40. Qc7+ {128} Kg6 {20} 41. c5 {142} 1/2-1/2